00485 a2200169 4500001000700000020001800007040003500025100003700060240002200097245001700119300001000136362000900146697002400155942000700179952011000186999001900296156827 a9788526023383 cEscola São Tomás de Aquino aQUEIRÓS, Bartolomeu Campos de 10aApontamentoslpor10aApontamentos a29 p.0 a2017 a*LITERATURA JUVENIL cBK 00104070a12.22b12.22d2024-04-30l0o028.54 QUE APOpEST00011269r2024-04-30 22:14:11w2024-04-30yBK c156827d156827